Microsoft Visual C# 2005 krok za krokem
Guardado en:
| Autor principal: | |
|---|---|
| Otros Autores: | |
| Formato: | Libro |
| Lenguaje: | checo inglés |
| Publicado: |
Brno
Computer Press
2006
|
| Edición: | 1. vyd. |
| Colección: | Krok za krokem
|
| Materias: | |
| Acceso en línea: | Ver en el OPAC |
| Etiquetas: |
Sin Etiquetas, Sea el primero en etiquetar este registro!
|
MARC
| LEADER | 00000nam a2200000 a 4500 | ||
|---|---|---|---|
| 005 | 20260127133933.0 | ||
| 008 | 080930s2002 xr l f 001 0 cze c | ||
| 020 | |a 8025111563 (brož.) | ||
| 035 | |a vtls009340134 | ||
| 039 | 9 | |a 201210031259 |b masnk01 |y 200809301209 |z mschk03 | |
| 040 | |a STUSCHK1 |b slo |c STUSCHK1 | ||
| 041 | 1 | |a cze |h eng | |
| 072 | 7 | |a 004.4/.6 |x Programové vybavenie. Programové prostriedky |2 konspekt | |
| 080 | |a 004.438 |2 MDT-MRF | ||
| 080 | |a 004.432.045 |2 MDT-MRF | ||
| 080 | |a 004.42.045 |2 MDT-MRF | ||
| 080 | |a 004.42 |2 MDT-MRF | ||
| 080 | |a (035) |2 MDT-MRF | ||
| 100 | 1 | |a Sharp, John |d 1964- | |
| 245 | 1 | 0 | |a Microsoft Visual C# 2005 |b krok za krokem |c John Sharp ; [překlad Jaroslav Černý] |
| 246 | 0 | |a Microsoft Visual C# 2005 | |
| 250 | |a 1. vyd. | ||
| 260 | |a Brno |b Computer Press |c 2006 | ||
| 300 | |a 528 s. |b obr. |c 23 cm |e 1 CD-ROM | ||
| 490 | 1 | |a Krok za krokem | |
| 650 | 0 | 7 | |a objektovo orientované programovanie |2 snkph |
| 650 | 0 | 7 | |a objektovo orientované jazyky |2 snkph |
| 650 | 0 | 7 | |a Microsoft |2 snkph |
| 650 | 0 | 7 | |a C# |2 snkph |
| 650 | 0 | 7 | |a Microsoft Visual C# (softvér) |2 svkpo |
| 655 | 7 | |a príručky |2 snkph | |
| 700 | 1 | |a Černý, Jaroslav, |d 1966- |4 trl |9 618 | |
| 765 | 1 | |t Microsoft Visual C# 2005 |a Sharp, John | |
| 830 | 0 | |a Krok za krokem | |
| 919 | |a 80-251-1156-3 | ||
| 999 | |c 445 |d 445 | ||